[Event "Pan American-ch U12 Girls"]
[Site "Guayaquil"]
[Date "2019.07.26"]
[Round "8"]
[White "Velarde Hernandez, Paulina Yunuen"]
[Black "De Ramos, Mitzi Vedan"]
[Result "1-0"]
[WhiteElo "1170"]
[BlackElo "1340"]
[PlyCount "110"]
[EventDate "2019.07.21"]
[EventType "swiss"]
[EventRounds "9"]
[EventCountry "ECU"]
[SourceTitle "EXT 2020"]
[Source "ChessBase"]
[SourceDate "2019.10.17"]
[SourceVersion "1"]
[SourceVersionDate "2019.10.17"]
[SourceQuality "1"]

1. d4 d5 2. c4 e6 3. Nf3 Nf6 4. Nc3 Be7 5. h3 Nbd7 6. Bf4 0-0 7. a3 a6 8. e3 b6 9. Bd3 dxc4 10. Bxc4 Bb7 11. 0-0 b5 12. Be2 c5 13. dxc5 Nxc5 14. Qc2 Qb6 15. Be5 Nce4 16. Nxe4 Bxe4 17. Qb3 Bd5 18. Qd3 Bc4 19. Qc2 Bxe2 20. Qxe2 h6 21. Rac1 Rac8 22. Bd4 Qb7 23. Rfd1 Rfd8 24. Ne5 Rc7 25. Rxc7 Qxc7 26. Qe1 Rc8 27. Nd3 Qd8 28. Rc1 Nd5 29. Ne5 Bf6 30. Nc6 Qd7 31. Bxf6 Nxf6 32. Ne7+ Qxe7 33. Rxc8+ Kh7 34. Qa5 Qb7 35. Qc7 Qd5 36. Qxf7 Qd1+ 37. Kh2 Qd6+ 38. g3 Qd2 39. Kg1 Qd1+ 40. Kg2 Qd5+ 41. Kh2 Qd2 42. Kg2 Qd5+ 43. e4 Qxe4+ 44. Kh2 Qe2 45. Qa7 Qh5 46. Qd4 e5 47. Qd2 Qf5 48. Rc2 e4 49. Qe3 Qh5 50. Kg2 Qd1 51. Qe2 Qd5 52. Kg1 a5 53. Qd2 Qa2 54. Kh2 a4 55. Rc5 Qb3 1-0

[Event "Pan American-ch U12 Girls"]
[Site "Guayaquil"]
[Date "2019.07.25"]
[Round "7"]
[White "De Ramos, Mitzi Vedan"]
[Black "Rajaram, Anika"]
[Result "0-1"]
[WhiteElo "1340"]
[BlackElo "1542"]
[PlyCount "111"]
[EventDate "2019.07.21"]
[EventType "swiss"]
[EventRounds "9"]
[EventCountry "ECU"]
[SourceTitle "EXT 2020"]
[Source "ChessBase"]
[SourceDate "2019.10.17"]
[SourceVersion "1"]
[SourceVersionDate "2019.10.17"]
[SourceQuality "1"]

1. e4 c5 2. Nf3 e6 3. c3 Nf6 4. e5 Nd5 5. d4 cxd4 6. cxd4 d6 7. Nc3 Nc6 8. Be2 Be7 9. Nxd5 exd5 10. 0-0 0-0 11. Bf4 Qc7 12. Qb3 Be6 13. exd6 Bxd6 14. Bxd6 Qxd6 15. Qxb7 Rab8 16. Qa6 Rb6 17. Qa3 Qxa3 18. bxa3 Rb2 19. Bd3 h6 20. h3 Na5 21. Rfc1 Nc4 22. Rcb1 Rfb8 23. Rc1 R8b7 24. a4 R2b4 25. Bc2 Nb2 26. Rab1 Nxa4 27. Rxb4 Rxb4 28. Bb3 Nb6 29. Rc7 a5 30. Rb7 g6 31. Kh2 Nc4 32. Ra7 Rb5 33. Ra6 Kg7 34. Ne1 h5 35. Nd3 Bc8 36. Rc6 Bd7 37. Rc7 Be6 38. Nc5 Kf6 39. Kg3 Nd2 40. Ra7 Nxb3 41. Nxb3 Rb4 42. Rxa5 Rc4 43. Kf4 Rc3 44. h4 Rd3 45. f3 Rc3 46. Nc5 Rc4 47. Ke3 Rc3+ 48. Kd2 Rc4 49. Nb3 Kf5 50. g3 Kf6 51. a4 Rb4 52. Kc3 Rc4+ 53. Kb2 Kg7 54. Ra7 Bf5 55. a5 Rc2+ 56. Ka3 0-1

[Event "Pan American-ch U12 Girls"]
[Site "Guayaquil"]
[Date "2019.07.24"]
[Round "5"]
[White "De Ramos, Mitzi Vedan"]
[Black "Brito Carrascal, Isabela"]
[Result "1/2-1/2"]
[WhiteElo "1340"]
[BlackElo "1406"]
[PlyCount "60"]
[EventDate "2019.07.21"]
[EventType "swiss"]
[EventRounds "9"]
[EventCountry "ECU"]
[SourceTitle "EXT 2020"]
[Source "ChessBase"]
[SourceDate "2019.10.17"]
[SourceVersion "1"]
[SourceVersionDate "2019.10.17"]
[SourceQuality "1"]

1. e4 c5 2. Nf3 e6 3. c3 d5 4. exd5 Qxd5 5. d4 Nf6 6. Be2 Nc6 7. 0-0 cxd4 8. Nxd4 Nxd4 9. Qxd4 Qxd4 10. cxd4 Bd6 11. Bg5 Nd5 12. Nc3 h6 13. Be3 Nc7 14. Rac1 Bb4 15. Nb5 Nxb5 16. Bxb5+ Bd7 17. Bc4 Bc6 18. Rfd1 Rd8 19. a3 Be7 20. Rd2 0-0 21. Rcd1 Bd5 22. Bxd5 Rxd5 23. Rc1 Bd6 24. g3 Rd8 25. Rdc2 Kf8 26. Kf1 Ke7 27. Ke2 Kf6 28. Rc8 Bb8 29. Rxd8 Rxd8 30. Kf3 Ke7 1/2-1/2

[Event "Pan American-ch U12 Girls"]
[Site "Guayaquil"]
[Date "2019.07.23"]
[Round "4"]
[White "Vasquez Vasquez, Marielos"]
[Black "De Ramos, Mitzi Vedan"]
[Result "0-1"]
[WhiteElo "1550"]
[BlackElo "1340"]
[PlyCount "96"]
[EventDate "2019.07.21"]
[EventType "swiss"]
[EventRounds "9"]
[EventCountry "ECU"]
[SourceTitle "EXT 2020"]
[Source "ChessBase"]
[SourceDate "2019.10.17"]
[SourceVersion "1"]
[SourceVersionDate "2019.10.17"]
[SourceQuality "1"]

1. d4 d5 2. c4 e6 3. Nc3 Nf6 4. cxd5 Nxd5 5. e4 Nxc3 6. bxc3 Be7 7. Nf3 0-0 8. Bd3 b6 9. 0-0 Bb7 10. Bc2 c5 11. Qd3 Ba6 12. c4 g6 13. Bh6 Re8 14. Rfd1 Bf8 15. Qe3 Qe7 16. Bb3 cxd4 17. Nxd4 Bxh6 18. Qxh6 Qf8 19. Qh3 Bb7 20. Nb5 Rc8 21. Nd6 Rc7 22. Nxb7 Rxb7 23. Rd3 Rd7 24. Rad1 Rxd3 25. Rxd3 Na6 26. Qg3 Rd8 27. Rxd8 Qxd8 28. Qf3 Nc5 29. h3 Qd4 30. Qf4 e5 31. Qg4 Qxe4 32. Qxe4 Nxe4 33. f3 Nc5 34. Kf2 Kf8 35. Ke2 Ke7 36. Kd2 Kf6 37. g3 e4 38. Ke3 exf3 39. Kxf3 Ke5 40. Ke3 Nxb3 41. axb3 a5 42. Kd3 f5 43. h4 h6 44. Ke3 g5 45. h5 f4+ 46. gxf4+ gxf4+ 47. Kf3 Kf5 48. Kf2 Ke4 0-1

[Event "BRA-ch U12 Girls"]
[Site "Florianopolis"]
[Date "2019.04.21"]
[Round "5"]
[White "Viertler, Sabrina Camargo"]
[Black "De Ramos, Mitzi Vedan"]
[Result "0-1"]
[WhiteElo "1376"]
[BlackElo "1218"]
[PlyCount "82"]
[EventDate "2019.04.18"]
[EventType "swiss"]
[EventRounds "6"]
[EventCountry "BRA"]
[SourceTitle "CBM 190 Extra"]
[Source "ChessBase"]
[SourceDate "2019.07.15"]
[SourceVersion "1"]
[SourceVersionDate "2019.07.15"]
[SourceQuality "1"]

1. e4 e5 2. Nf3 Nc6 3. Bb5 Bc5 4. 0-0 d6 5. c3 Bd7 6. d4 exd4 7. cxd4 Bb6 8. Nc3 a6 9. Ba4 Nce7 10. Bxd7+ Qxd7 11. Bf4 Ng6 12. Bg3 N8e7 13. Re1 0-0 14. Qd2 Rad8 15. Rad1 Rfe8 16. h4 h6 17. a3 d5 18. exd5 Nxd5 19. Rxe8+ Rxe8 20. Nxd5 Qxd5 21. Qc2 Qd7 22. Rc1 Rc8 23. Qc4 Ne7 24. Ne5 Qd5 25. Qxd5 Nxd5 26. Rd1 Rd8 27. Nc4 Rd7 28. Nxb6 Nxb6 29. b3 Nd5 30. Rd3 Ne7 31. b4 Nf5 32. Kf1 c6 33. Rf3 Nxg3+ 34. Rxg3 Rxd4 35. Rh3 Kf8 36. g3 Rd3 37. a4 Rb3 38. b5 cxb5 39. axb5 Rxb5 40. g4 Rb4 41. f3 Rb2 0-1

[Event "BRA-ch U12 Girls"]
[Site "Florianopolis"]
[Date "2019.04.20"]
[Round "3"]
[White "Barberi, Catarina"]
[Black "De Ramos, Mitzi Vedan"]
[Result "0-1"]
[WhiteElo "1232"]
[BlackElo "1218"]
[PlyCount "84"]
[EventDate "2019.04.18"]
[EventType "swiss"]
[EventRounds "6"]
[EventCountry "BRA"]
[SourceTitle "CBM 190 Extra"]
[Source "ChessBase"]
[SourceDate "2019.07.15"]
[SourceVersion "1"]
[SourceVersionDate "2019.07.15"]
[SourceQuality "1"]

1. d4 d5 2. c4 e6 3. Nf3 Nf6 4. e3 c5 5. cxd5 exd5 6. Nc3 Bg4 7. Be2 Nc6 8. h3 Bf5 9. 0-0 c4 10. b3 Bb4 11. Bd2 Bxc3 12. Bxc3 Ne4 13. Rc1 b5 14. Nd2 Nxc3 15. Rxc3 0-0 16. bxc4 bxc4 17. Bf3 Re8 18. Re1 Qa5 19. Rc1 Nb4 20. Be2 Rac8 21. g4 Bd3 22. Nf3 Qxa2 23. Bxd3 Nxd3 24. Rc2 Qb3 25. Ree2 Nb4 26. Rc1 Qxd1+ 27. Rxd1 c3 28. Rc1 a5 29. Ne1 Rc7 30. Nc2 Rec8 31. Kg2 f6 32. Kf3 Kf7 33. Kg3 Rb8 34. Na1 a4 35. f3 Rbc8 36. e4 dxe4 37. fxe4 c2 38. Rd2 Rc3+ 39. Kg2 Rd3 40. Rxd3 Nxd3 41. Rxc2 Ne1+ 42. Kf2 Nxc2 0-1

[Event "Caioba Telecom op"]
[Site "Caioba"]
[Date "2018.08.02"]
[Round "3"]
[White "De Ramos, Mitzi Vedan"]
[Black "Espindola, Carlos Marcelo"]
[Result "0-1"]
[WhiteElo "1135"]
[BlackElo "1375"]
[PlyCount "71"]
[EventDate "2018.08.01"]
[EventType "swiss"]
[EventRounds "9"]
[EventCountry "BRA"]
[SourceTitle "CBM 186 Extra"]
[Source "ChessBase"]
[SourceDate "2018.08.24"]
[SourceVersion "1"]
[SourceVersionDate "2018.08.24"]
[SourceQuality "1"]

1. e4 e5 2. Nf3 Nc6 3. Bc4 Nf6 4. Nc3 Bc5 5. d3 h6 6. 0-0 d6 7. h3 0-0 8. Bd2 Na5 9. Bb3 Nxb3 10. axb3 a6 11. Ne2 Re8 12. Ng3 Bd7 13. Qe2 d5 14. Rfe1 Bc6 15. c4 dxe4 16. Nxe4 Nxe4 17. dxe4 Qf6 18. Rad1 Rad8 19. Bc3 Rxd1 20. Rxd1 Bd6 21. b4 b6 22. b5 axb5 23. cxb5 Bb7 24. Ra1 Qf4 25. Ra7 Qxe4 26. Qd1 Ra8 27. Rxa8+ Bxa8 28. Bxe5 Bxe5 29. Nxe5 Qxe5 30. Qd8+ Kh7 31. Qxa8 Qxb5 32. Qe4+ g6 33. Qc2 Qe5 34. b3 c5 35. g4 Qe1+ 36. Kh2 0-1

[Event "Caioba Telecom op"]
[Site "Caioba"]
[Date "2018.08.01"]
[Round "1"]
[White "De Ramos, Mitzi Vedan"]
[Black "Moyses Sobrinho, Elias"]
[Result "0-1"]
[WhiteElo "1135"]
[BlackElo "1914"]
[PlyCount "35"]
[EventDate "2018.08.01"]
[EventType "swiss"]
[EventRounds "9"]
[EventCountry "BRA"]
[SourceTitle "CBM 186 Extra"]
[Source "ChessBase"]
[SourceDate "2018.08.24"]
[SourceVersion "1"]
[SourceVersionDate "2018.08.24"]
[SourceQuality "1"]

1. e4 Nf6 2. Nc3 d5 3. exd5 Nxd5 4. Nxd5 Qxd5 5. d4 Nc6 6. c3 Bf5 7. Nf3 0-0-0 8. Be3 f6 9. c4 Qd7 10. Bd3 Bxd3 11. Qxd3 e5 12. d5 Bb4+ 13. Bd2 e4 14. Qb3 exf3 15. Bxb4 Nxb4 16. Qxb4 fxg2 17. Rd1 gxh1Q+ 18. Kd2 0-1

[Event "Caioba Telecom op"]
[Site "Caioba"]
[Date "2018.08.01"]
[Round "2"]
[White "Dos Santos, Marcos Paulo"]
[Black "De Ramos, Mitzi Vedan"]
[Result "1-0"]
[WhiteElo "1563"]
[BlackElo "1135"]
[PlyCount "59"]
[EventDate "2018.08.01"]
[EventType "swiss"]
[EventRounds "9"]
[EventCountry "BRA"]
[SourceTitle "CBM 186 Extra"]
[Source "ChessBase"]
[SourceDate "2018.08.24"]
[SourceVersion "1"]
[SourceVersionDate "2018.08.24"]
[SourceQuality "1"]

1. e4 e5 2. Nf3 Nc6 3. Bc4 Bc5 4. 0-0 d6 5. d3 h6 6. c3 Bg4 7. Nbd2 Nf6 8. a4 a5 9. Qb3 Qd7 10. Re1 0-0 11. Qd1 Nd8 12. Nf1 Be6 13. Bxe6 Nxe6 14. Ng3 Rfd8 15. d4 exd4 16. cxd4 Bb4 17. Bd2 b5 18. axb5 Qxb5 19. Bxb4 Qxb4 20. Re2 Rdb8 21. Rc1 Rb7 22. Rec2 Rab8 23. Nf5 Kf8 24. e5 dxe5 25. Nxe5 Qa4 26. d5 Ng4 27. d6 cxd6 28. Rc8+ Rxc8 29. Rxc8+ Nd8 30. Qxa4 1-0

[Event "BRA-ch U12 Girls"]
[Site "Florianopolis"]
[Date "2018.04.30"]
[Round "4"]
[White "Gomes, Yasmim da Silva"]
[Black "De Ramos, Mitzi Vedan"]
[Result "0-1"]
[WhiteElo "1274"]
[BlackElo "1099"]
[PlyCount "102"]
[EventDate "2018.04.28"]
[EventType "swiss"]
[EventRounds "6"]
[EventCountry "BRA"]
[SourceTitle "EXT 2021"]
[Source "ChessBase"]
[SourceDate "2020.10.23"]
[SourceVersion "1"]
[SourceVersionDate "2020.10.23"]
[SourceQuality "1"]

1. e4 e5 2. Nf3 Nc6 3. Nc3 Bc5 4. d3 Nf6 5. Be3 Bxe3 6. fxe3 d6 7. h3 0-0 8. Be2 Re8 9. 0-0 h6 10. Nh2 Ne7 11. Ng4 Nxg4 12. Bxg4 Bxg4 13. Qxg4 Qc8 14. Qxc8 Raxc8 15. Rae1 c6 16. d4 Ng6 17. Rf2 Red8 18. b4 a5 19. a3 axb4 20. axb4 Ra8 21. Rd2 Ra3 22. Rd3 Rda8 23. Rb1 Kf8 24. Kh2 Ke7 25. g3 f6 26. Rc1 Nf8 27. Kg2 Nd7 28. Rb1 Nb6 29. Rb3 Rxb3 30. cxb3 Kd7 31. Rd2 Ra3 32. Rb2 Nc4 33. bxc4 Rxc3 34. c5 Rxe3 35. cxd6 Kxd6 36. Rd2 Rxe4 37. Kf1 Rxd4 38. Re2 Rxb4 39. Rd2+ Rd4 40. Rb2 b5 41. Rb3 e4 42. Re3 c5 43. Ke2 Kd5 44. Rc3 Rd3 45. Rc1 b4 46. Rb1 b3 47. Rb2 Kd4 48. Rb1 c4 49. g4 e3 50. h4 Rd2+ 51. Ke1 b2 0-1

[Event "BRA-ch U12 Girls"]
[Site "Florianopolis"]
[Date "2018.04.28"]
[Round "2"]
[White "Cheres, Beatriz Fernanda Sa"]
[Black "De Ramos, Mitzi Vedan"]
[Result "0-1"]
[WhiteElo "1747"]
[BlackElo "1099"]
[PlyCount "109"]
[EventDate "2018.04.28"]
[EventType "swiss"]
[EventRounds "6"]
[EventCountry "BRA"]
[SourceTitle "EXT 2021"]
[Source "ChessBase"]
[SourceDate "2020.10.23"]
[SourceVersion "1"]
[SourceVersionDate "2020.10.23"]
[SourceQuality "1"]

1. d4 d5 2. Nf3 Nc6 3. e3 Nf6 4. Bb5 Bd7 5. 0-0 a6 6. Ba4 e6 7. a3 Bd6 8. Nc3 0-0 9. Bd2 h6 10. Qe2 Ne4 11. Qd3 Nxd2 12. Qxd2 b5 13. Bb3 Na5 14. Ba2 c5 15. dxc5 Bxc5 16. b4 Bb6 17. bxa5 Bxa5 18. Qd4 Rc8 19. Ne2 Rxc2 20. Ng3 Bc3 21. Qd3 Bxa1 22. Bb1 g6 23. Bxc2 Bg7 24. Nh5 f5 25. Nxg7 Kxg7 26. Qd4+ Kg8 27. Qd3 Qc7 28. g4 Bc6 29. Nd4 Bd7 30. gxf5 gxf5 31. Kh1 Kh7 32. Rg1 Bc8 33. f4 Rf7 34. Rg4 Kh8 35. Rg3 e5 36. fxe5 Qxe5 37. Nc6 Qa1+ 38. Rg1 Qf6 39. Nd4 Qb6 40. Qd2 Qd6 41. Qg2 Qf8 42. Nc6 Bb7 43. Ne5 d4 44. Nxf7+ Qxf7 45. Qxb7 Qxb7+ 46. Rg2 dxe3 47. Kg1 f4 48. Kf1 f3 49. Rg3 Qc6 50. Bd1 e2+ 51. Bxe2 fxe2+ 52. Kxe2 Qc4+ 53. Kf3 a5 54. Rg6 Kh7 55. Ra6 0-1

[Event "Paranaense-ch (Women)"]
[Site "Pirai do Sul"]
[Date "2018.01.28"]
[Round "5.8"]
[White "Taha, Najla Mohamad"]
[Black "De Ramos, Mitzi Vedan"]
[Result "1-0"]
[WhiteElo "1829"]
[BlackElo "1080"]
[PlyCount "117"]
[EventDate "2018.01.26"]
[EventType "swiss"]
[EventRounds "5"]
[EventCountry "BRA"]
[SourceTitle "EXT 2022"]
[Source "ChessBase"]
[SourceDate "2021.10.06"]
[SourceVersion "1"]
[SourceVersionDate "2021.10.06"]
[SourceQuality "1"]

1. e4 e5 2. Nf3 Nc6 3. d4 d6 4. dxe5 dxe5 5. Qxd8+ Kxd8 6. Nc3 Bb4 7. Bd2 Bg4 8. Be2 Nf6 9. 0-0-0 Ke8 10. h3 Be6 11. Ng5 Bd7 12. Nd5 Nxd5 13. exd5 Bxd2+ 14. Rxd2 Nd4 15. Bc4 f6 16. Ne4 Ke7 17. Re1 Rad8 18. Nc5 Bc8 19. Rxd4 b6 20. Nb3 c5 21. Rd2 Bb7 22. f4 Kd6 23. fxe5+ fxe5 24. Rf2 Rhf8 25. Ref1 Rxf2 26. Rxf2 Rd7 27. Kd1 Bxd5 28. Bxd5 Kxd5 29. Rd2+ Ke6 30. Rxd7 Kxd7 31. Ke2 Ke6 32. Ke3 Kd5 33. Nd2 b5 34. g4 a5 35. Ne4 c4 36. a3 h6 37. Nc3+ Kc5 38. Ke4 b4 39. axb4+ Kxb4 40. Nd5+ Kb5 41. Kxe5 a4 42. Kd4 g6 43. Nc3+ Kb4 44. Nxa4 Kxa4 45. Kxc4 Ka5 46. b4+ Kb6 47. b5 h5 48. g5 h4 49. c3 Kb7 50. Kc5 Kc7 51. c4 Kb7 52. b6 Kb8 53. Kc6 Kc8 54. c5 Kb8 55. b7 Ka7 56. Kc7 Ka6 57. b8Q Ka5 58. Qb3 Ka6 59. Qb6# 1-0